书目信息 |
| 题名: |
平板网架设计
|
|
| 作者: | 刘锡良等 | |
| 分册: | ||
| 出版信息: | 中国建筑工业 1979.07 |
|
| 页数: | 381页 | |
| 开本: | 16开 | |
| 丛书名: | ||
| 单 册: | ||
| 中图分类: | TU391 | |
| 科图分类: | ||
| 主题词: | 金属结构 | |
| 电子资源: | ||
| ISBN: | ||
| 000 | 00506nam0 2200193 45 | |
| 001 | 0006131629 | |
| 005 | 20000613160546.2 | |
| 010 | @d1.95元 | |
| 100 | @a20000613d1979 km y0chiy0120 ea | |
| 101 | 0 | @achi |
| 105 | @a z 000yy | |
| 200 | 1 | @a平板网架设计@APing Ban Wang Jia She Ji@f刘锡良等@FLiu Xi Liang Deng |
| 210 | @a中国建筑工业@d1979.07 | |
| 215 | @a381页@d16开 | |
| 606 | 0 | @a金属结构 |
| 690 | @aTU391@v3 | |
| 701 | 0 | @a刘锡良等 |
| 801 | @aCN@bPftUser@c20000613 | |
| 905 | @b201755@dTU391@eL465@f1 | |
| 平板网架设计/刘锡良等.-中国建筑工业,1979.07 |
| 381页;16开 |
| ISBN :1.95元 |
| ● |
| 相关链接 |
|
|
|
正题名:平板网架设计
索取号:TU391/L465
 
预约/预借
| 序号 | 登录号 | 条形码 | 馆藏地/架位号 | 状态 | 备注 |
| 1 | 201755 | 202017557 | 建筑库101/101建筑库 89排3列5层/ [索取号:TU391/L465] | 在馆 |